| Tag |
First Indicator |
Second Indicator |
Subfields |
| LEADER |
00000cam a2200000 a 4500 |
| 001 |
in00002786727 |
| 005 |
20151202171635.0 |
| 008 |
120416s2012 nyu b 000 0 eng |
| 010 |
|
|
|a 2012014245
|
| 020 |
|
|
|a 9781934414972 (pbk. : alk. paper)
|
| 020 |
|
|
|a 1934414972 (pbk. : alk. paper)
|
| 035 |
|
|
|a (OCoLC)ocn783151822
|
| 035 |
|
|
|a (OCoLC)783151822
|
| 040 |
|
|
|a DLC
|b eng
|c DLC
|d YDX
|d BTCTA
|d BDX
|d YDXCP
|d OCLCO
|d CDX
|d HHG
|d OCLCO
|d UtOrBLW
|
| 041 |
1 |
|
|a eng
|a spa
|h spa
|
| 042 |
|
|
|a pcc
|
| 049 |
|
|
|a TXAM
|
| 050 |
0 |
0 |
|a PQ8520.14.I4
|b D53 2012
|
| 082 |
0 |
0 |
|a 861/.64
|2 23
|
| 100 |
1 |
|
|a Di Giorgio, Marosa.
|
| 245 |
1 |
0 |
|a Diadem :
|b selected poems /
|c by Marosa di Giorgio ; translated from the Spanish and with an introduction by Adam Giannelli.
|
| 250 |
|
|
|a 1st ed.
|
| 264 |
|
1 |
|a Rochester, NY :
|b BOA Editions,
|c 2012.
|
| 300 |
|
|
|a 169 pages ;
|c 23 cm.
|
| 336 |
|
|
|a text
|b txt
|2 rdacontent
|
| 337 |
|
|
|a unmediated
|b n
|2 rdamedia
|
| 338 |
|
|
|a volume
|b nc
|2 rdacarrier
|
| 490 |
1 |
|
|a Lannan translations selection series
|
| 504 |
|
|
|a Includes bibliographical references.
|
| 600 |
1 |
0 |
|a Di Giorgio, Marosa
|v Translations into English.
|
| 650 |
|
0 |
|a Uruguayan poetry
|y 20th century
|v Translations into English.
|
| 700 |
1 |
|
|a Giannelli, Adam.
|
| 830 |
|
0 |
|a Lannan translations selection series.
|
| 938 |
|
|
|a Baker and Taylor
|b BTCP
|n BK0011016931
|
| 938 |
|
|
|a Brodart
|b BROD
|n 102720797
|c $16.00
|
| 938 |
|
|
|a YBP Library Services
|b YANK
|n 9566595
|
| 938 |
|
|
|a Coutts Information Services
|b COUT
|n 21708052
|
| 947 |
|
|
|a A14836010933
|
| 945 |
|
|
|a PromptCat
|b 115748
|
| 946 |
|
|
|a stk
|
| 994 |
|
|
|a 92
|b TXA
|
| 948 |
|
|
|a Cataloged
|b h
|c 2012/12/5
|d c
|e EGrant
|
| 999 |
|
|
|a MARS
|
| 999 |
f |
f |
|s f3ba10ac-3069-32b5-b587-62a3b25e8be3
|i 2121f3da-fef5-3812-92b8-c7bdd0a27f08
|t 0
|
| 952 |
f |
f |
|p normal
|a Texas A&M University
|b College Station
|c Sterling C. Evans Library
|d Evans: Library Stacks
|t 0
|e PQ8520.14.I4 D53 2012
|h Library of Congress classification
|i unmediated -- volume
|m A14836010933
|
| 998 |
f |
f |
|a PQ8520.14.I4 D53 2012
|t 0
|l Evans: Library Stacks
|